000 01578cam a2200349 a 4500
001 15692688
005 20091209195839.0
008 090408s2010 fluab |rb 001 0 eng
010 _a 2009014967
015 _aGBA945129
_2bnb
016 7 _a015175510
_2Uk
020 _a9781420075663 (hardcover : alk. paper)
020 _a1420075667 (hardcover : alk. paper)
035 _a(OCoLC)ocn226357399
040 _aDLC
_cDLC
_dBTCTA
_dBAKER
_dYDXCP
_dUKM
_dC#P
_dOCLCA
_dBWX
_dCDX
_dDLC
050 0 0 _aTJ810
_b.S4897 2009
082 0 0 _a621.47
_222
_bFOS
100 1 _aFoster, Robert,
_d1962 Apr. 25-
_913076
245 1 0 _aSolar Energy :
_bRenewable Energy and the Environment /
_cRobert Foster, Majid Ghassemi, Alma Cota.
260 _aBoca Raton :
_bCRC Press, 2010
_cc2010.
300 _axxvii, 352 p. :
_bill., maps ;
_c27 cm.
490 1 _aEnergy and the Environment
504 _aIncludes bibliographical references and index.
650 0 _aSolar energy.
_913077
650 0 _aRenewable energy sources
_xEnvironmental aspects.
_913078
700 1 _aGhassemi, Majid,
_d1960-
_913079
700 1 _aCota, Alma,
_d1972-
_913080
830 0 _aEnergy and the environment (Boca Raton, Fla.)
_913081
942 _2ddc
_cBB
999 _c13770
_d13770